000 00995cam a22002054a 4500
005 20250605164123.0
008 250528s ||||||||||||||||||||||||d
035 _a18340
020 _a9603511714
040 _aGR-AtMCL
_bgre
_dGR-AtMCL
_eAACR2
245 1 _aΔημογραφική Ανάλυση / Αρχές - Μέθοδοι - Εφαρμογές
260 _bΣταμούλης Α,
_c1998
300 _a208
520 _aΠρόλογος, Ορισμοί και Έννοιες, Δημογραφικές Μέθοδοι και Μετρήσεις, Θνησιμότητα, Πίνακες Επιβίωσης, Γαμηλιότητα, Γεννητικότητα, Μετανάστευση, Κατάσταση και Αναπαραγωγή του Πληθυσμού, Υποδείγματα Πληθυσμού, Βιβλιογραφία.
700 1 _aΠαπαδάκης Μιχαήλ Ε
_94613
700 1 _aΤσίμπος Κλέων Χ
_94614
942 _cBK
999 _c3703
_d3703